| 000 | 00425nam a2200157Ia 4500 | ||
|---|---|---|---|
| 008 | 240729s9999 xx 000 0 und d | ||
| 022 | _a1472-698X | ||
| 245 | 0 | _aBMC International Health and Human Rights | |
| 260 | _aUnited Kingdom | ||
| 260 | _bBMC | ||
| 650 | _a Public aspects of medicine | ||
| 650 | _aMedicine | ||
| 856 | _uhttps://doaj.org/toc/5562573a1ec24a6a8cbd06a562147633 | ||
| 942 | _2ddc | ||
| 942 | _cDOAJEJ | ||
| 999 |
_c71945 _d71945 |
||
| 945 |
_a1 _bMadushi Gamage _c1 _dMadushi Gamage |
||